Statistics for 25 Largest Hotels in the United States

Click here to take the quiz!

General Stats

  • This quiz has been taken 97 times
  • The average score is 9 of 25

Answer Stats

Hint Answer % Correct
Las Vegas, NVMGM Grand
75%
Las Vegas, NVCaesar's Palace
68%
Las Vegas, NVBellagio
63%
Las Vegas, NVLuxor
63%
Las Vegas, NVWynn / Encore
59%
Las Vegas, NVParis Las Vegas
59%
Las Vegas, NVVenetian / Palazzo
55%
Las Vegas, NVMandalay Bay / Delano / Four Seasons
54%
Las Vegas, NVCircus Circus
44%
Las Vegas, NVFlamingo
44%
Las Vegas, NVTreasure Island
41%
Las Vegas, NVExcalibur
38%
Las Vegas, NVMirage
38%
Las Vegas, NVCosmopolitan
36%
Las Vegas, NVAria
30%
Las Vegas, NVBally's Las Vegas
29%
Las Vegas, NVMonte Carlo
24%
Nashville, TNGaylord Opryland
21%
Las Vegas, NVLinq
14%
Las Vegas, NVWestgate Las Vegas / Las Vegas Hilton
10%
Honolulu, HIHilton Hawaiian Village
9%
Atlantic City, NJBorgata
6%
Orlando, FLDisney's All-Star Resort
5%
Orlando, FLDisney's Port Orleans Resort
3%
Orlando, FLDisney's Pop Century Resort
3%

Score Distribution

Percentile by Number Answered

Percent of People with Each Score

Your Score History

You have not taken this quiz